Tepelno-technické vlastnosti stien budov na báze hliny

Salvato in:
Dettagli Bibliografici
Autore principale: Mikulášik, Michal (Autore)
Altri autori: Žilinský, Juraj (Relatore della tesi)
Natura: Manoscritto Libro
Lingua:slovacco
Pubblicazione: 2015
Soggetti:
Accesso online:http://is.stuba.sk/zp/portal_zp.pl?podrobnosti=76777
Tags: Aggiungi Tag
Nessun Tag, puoi essere il primo ad aggiungerne!!

MARC

LEADER 00000ntm a22000003a 4500
001 stuzp29663
003 SK-STU
005 20160719152931.8
007 ta
008 150427s2015----xo-----f-mn---000-0-slo-d
040 |a STU  |b slo 
041 0 |a slo 
100 1 |a Mikulášik, Michal  |u 010180  |4 aut  |U SvF Stavebná fakulta  |T SvF Katedra konštrukcií pozemných stavieb  |X 12461  |U V180  |Y 18  |7 A000012461 
242 0 1 |a Thermal properities of earthen building walls  |y eng 
245 1 0 |a Tepelno-technické vlastnosti stien budov na báze hliny 
260 |c 2015 
650 4 |a hlina  |2 slo 
650 4 |a architektúra  |2 slo 
650 4 |a obvodová stena  |2 slo 
650 4 |a building envelope  |2 eng 
650 4 |a ecology  |2 eng 
650 4 |a earthen architecture  |2 eng 
700 1 |a Žilinský, Juraj  |4 ths  |X 556  |7 A000000556 
856 4 |u http://is.stuba.sk/zp/portal_zp.pl?podrobnosti=76777 
996 |b 284V041301  |c V* 3251/DP-1181  |l VVS  |s P  |a 0  |w stuzp29663_0001 
SQL |a stuzp29663  |b DDZ  |c SLO  |d Tepelno-technické vlastnosti stien budov na báze hliny  |e 12461  |f Mikulášik, Michal  |g 010180  |h 556  |i Žilinský, Juraj  |j 20150629  |k 673  |l 01  |m http://is.stuba.sk/zp/portal_zp.pl?podrobnosti=76777  |n D-TKPS4  |o 5.1.4. pozemné stavby